Vplyv a dôsledky hospodárskej krízy na ekonomické dimenzie chudoby v slovenskej spoločnosti

Charakteristika a dimenzie chudoby. Európa proti chudobe. Príčiny chudoby na Slovensku a chudobou ohrozené skupiny. Vplyv hospodárskej krízy na ekonomické dimenzie chudoby. Chudoba ako výzva pre slovenskú sociálnu politiku. Návrh stratégie a hlavných cieľov v oblasti boja proti chudobe.

Na minha lista:
Detalhes bibliográficos
Autor principal: Seňová, Andrea
Outros Autores: Csikósová, Adriana, Antošová, Mária, 1965-
Formato: Capítulo de Livro
Idioma:eslovaco
Assuntos:
Tags: Adicionar Tag
Sem tags, seja o primeiro a adicionar uma tag!

MARC

LEADER 00000naa a2200000 4500
001 0136169
005 20230918072615.3
041 0 |a slo 
044 |a SK 
245 1 0 |a Vplyv a dôsledky hospodárskej krízy na ekonomické dimenzie chudoby v slovenskej spoločnosti  |c Andrea Seňová, Adriana Csikósová, Mária Antošová 
520 |a Charakteristika a dimenzie chudoby. Európa proti chudobe. Príčiny chudoby na Slovensku a chudobou ohrozené skupiny. Vplyv hospodárskej krízy na ekonomické dimenzie chudoby. Chudoba ako výzva pre slovenskú sociálnu politiku. Návrh stratégie a hlavných cieľov v oblasti boja proti chudobe. 
610 2 0 |a chudoba 
610 2 0 |a politika sociálna 
610 2 0 |a kríza hospodárska 
610 2 0 |a Slovensko 
100 1 |a Seňová, Andrea 
700 1 |a Csikósová, Adriana 
700 1 |a Antošová, Mária, 1965-